Wood fuel: a burning question for Scotland (Record no. 71982)

MARC details
000 -LEADER
fixed length control field 01532cam a2200253 4500
001 - CONTROL NUMBER
control field ABS66393
008 - FIXED-LENGTH DATA ELEMENTS--GENERAL INFORMATION
fixed length control field 030128n2002 000 0 eng u
035 ## - SYSTEM CONTROL NUMBER
System control number (Sirsi) u121139
100 ## - MAIN ENTRY--PERSONAL NAME
Personal name Henderson, R.
245 ## - TITLE STATEMENT
Title Wood fuel: a burning question for Scotland
260 ## - PUBLICATION, DISTRIBUTION, ETC.
Date of publication, distribution, etc. 2002
490 ## - SERIES STATEMENT
Series statement Landowning in Scotland
Volume/sequential designation (272) December 2002/January 2003, 18-19(2)
520 ## - SUMMARY, ETC.
Summary, etc. Discusses whether Scottish forestry could follow the example set by Sweden and turn wood-fuel into a highly efficient form of alternative energy. At present the forestry industry is faced by increases in timber supplies forcing down prices and producing thousands of tonnes of by-product which needs to be disposed of safely and in an environmentally-friendly manner. But, as part of the UK, Scotland must also comply with agreements on reductions in energy emissions. Sweden already has shown the benefits of using timber industry by-products with huge environmental benefits, such as increased energy output, reduced sulphur dioxide and pollution, against the pollutants produced by fossil fuels; burning timber is also carbon-neutral. Ends with a plea to the Scottish Executive to encourage wood-fuelled heating as well as green electricity initiatives.
590 ## - LOCAL NOTE (RLIN)
Local note ABS
650 ## - SUBJECT ADDED ENTRY--TOPICAL TERM
Topical term or geographic name entry element SCOTLAND
650 ## - SUBJECT ADDED ENTRY--TOPICAL TERM
Topical term or geographic name entry element SWEDEN
650 ## - SUBJECT ADDED ENTRY--TOPICAL TERM
Topical term or geographic name entry element WOOD FUEL
650 ## - SUBJECT ADDED ENTRY--TOPICAL TERM
Topical term or geographic name entry element WOOD FUELLED POWER PLANTS
650 ## - SUBJECT ADDED ENTRY--TOPICAL TERM
Topical term or geographic name entry element ENERGY-EFFICIENCY
650 ## - SUBJECT ADDED ENTRY--TOPICAL TERM
Topical term or geographic name entry element ENVIRONMENT ISSUES
650 ## - SUBJECT ADDED ENTRY--TOPICAL TERM
Topical term or geographic name entry element FORESTRY INDUSTRY
690 ## - LOCAL SUBJECT ADDED ENTRY--TOPICAL TERM (OCLC, RLIN)
Topical term or geographic name as entry element RURAL-AGRICULTURE AND FORESTRY
942 ## - ADDED ENTRY ELEMENTS (KOHA)
Suppress in OPAC 0
Holdings
Withdrawn status Lost status Source of classification or shelving scheme Damaged status Not for loan Home library Current library Shelving location Date acquired Total Checkouts Full call number Barcode Date last seen Copy number Price effective from Koha item type
    Dewey Decimal Classification     London London Journal article 28/01/2003   ABS66393 121139-1001 06/08/2019 1 06/08/2019 Journal article